1190 1112 1381 1899 1753 1887 1747 1791 1350 1000 1932 1198 1568 1241 1508 1506 1450 1353 1632 1587 1711 1460 1880 1391 1670 1389 1579 1928 1703 1107 1035 1909 1232 1317 1513 1248 1378 1682 1960 1488 1465 1232 1465 1190 1328 1378 1912 1849 1548 1008 1070 1284 1966 1708 1039 1555 1072 1549 1947 1705 1037 1639 1370 1094 1654 1979 1358 1174 1230 1249 1076 1774 1591 1686 1062 1814 1474 1049 1940 1761 1245 1318 1003 1928 1373 1503 1981 1599 1600 1109 1676 1762 1375 1993 1955 1908 1494 1805 1718 BCNSPRNW ULIB Ver.6.0+V

เปลี่ยนเป็นภาษาไทย

Change to English
 แสดงรายละเอียดบรรณานุกรม
  กลับหน้าหลัก

Brief Record : Get Marc (ISO 2709) : E-mail record : QR code < ปิดหน้าต่าง
LEADER : 00000nam 2200000uu 4500
001    13399113569
003     ULIB
008    111128s2552||||th 000 0 tha d
020    ^a9786110600842
090    ^aนว.^bณ111ห 2552
100 0  ^aณ มน
245 00 ^aหัวใจใต้แสงดาว/^cณ มน
250    ^aพิมพ์ครั้งที่ 2
260    ^aกรุงเทพฯ :^bแจ่มใส,^c2552
300    ^a251 หน้า
710 1  ^aแจ่มใส
945    ^p219^l0^i15773
995    ^aกัณชพร
999    ^aใช้งานได้ทุกระบบ
รายการนี้ยังไม่มีแท็ก
คุณยังไม่ได้ล็อกอิน คุณสามารถมีกิจกรรมร่วมกับเว็บไซต์ได้ แต่ต้องล็อกอินก่อน ::
  ล็อกอิน

รายการสื่อสารสนเทศ

ลำดับที่ ประเภท เลขเรียก/บาร์โค้ด สถานที่ สถานะ
1. นวนิยาย
นวนิยาย
นว. ณ111ห 2552  
  Barcode: 15773
ห้องสมุดวิทยาเขตสวรรค์ประชารักษ์
►นวนิยาย
บนชั้น
  ขอยืม

BibComment


ยังไม่เคยถูกคอมเมนท์

คอมเมนท์ทรัพยากรรายการนี้
  คอมเมนท์: หัวใจใต้แสงดาว ณ..


 Copyright 2026. Bcnsprnw @Library